000 00280nam a2200109Ia 4500
008 220204s9999 xx 000 0 und d
082 _a581.1
_bGUN
245 0 _aCurrent topics in plant science
260 _aLondon
_bAcademic Press
_c1969
700 _aGunckel, James E
942 _cBK
999 _c22482
_d22482